Symmetries of things (Record no. 184622)
[ view plain ]
| 000 -LEADER | |
|---|---|
| fixed length control field | 00562nam a22001937a 4500 |
| 020 ## - INTERNATIONAL STANDARD BOOK NUMBER | |
| ISBN | 978-1-56881-220-5 |
| 041 ## - LANGUAGE CODE | |
| Language code of text/sound track or separate title | eng |
| 082 ## - DEWEY DECIMAL CLASSIFICATION NUMBER | |
| Edition number | 23rd. |
| Classification number | 516.1 |
| Item number | CON |
| 100 ## - MAIN ENTRY--AUTHOR NAME | |
| Personal name | Conway, John Horton |
| 245 ## - TITLE STATEMENT | |
| Title | Symmetries of things |
| Statement of responsibility, etc | John H. Conway, Heidi Burgeil and Chaim Goodman-Strauss |
| 260 ## - PUBLICATION, DISTRIBUTION, ETC. (IMPRINT) | |
| Place of publication | CRC Press |
| Name of publisher | Boca Raton |
| Year of publication | 2008 |
| 300 ## - PHYSICAL DESCRIPTION | |
| Number of Pages | xviii,426p.:ill.; |
| Dimensions | 24cm. |
| 650 ## - SUBJECT ADDED ENTRY--TOPICAL TERM | |
| Topical Term | Symmetry (Mathematics) |
| 700 ## - ADDED ENTRY--PERSONAL NAME | |
| Personal name | Burgeil, Heidi |
| 700 ## - ADDED ENTRY--PERSONAL NAME | |
| Personal name | Goodman-Strauss, Chaim |
| 856 ## - ELECTRONIC LOCATION AND ACCESS | |
| Uniform Resource Identifier | www.taylorandancisgroup.com |
| 942 ## - ADDED ENTRY ELEMENTS (KOHA) | |
| Koha item type | Books |
| Withdrawn status | Lost status | Damaged status | Collection code | Home library | Current library | Shelving location | Date acquired | Full call number | Accession Number | Koha item type |
|---|---|---|---|---|---|---|---|---|---|---|
| MATHEMATICS | North Eastern Hill University | North Eastern Hill University | General Stacks | 15/04/2026 | 516.1 CON | 420800 | Books |
